000 01080nam a22002657a 4500
005 20240530110513.0
008 151216s2013 ua ad g b 000 0 ara d
017 _a2012/23260
_bمصر . دار الكتب المصرية
020 _a9789776413405
040 _aEG-CaGPL
082 0 4 _221
_a362\
_bم د
100 0 _aمحمد السيد ابوالمجد عامر
245 1 0 _aدراسات و قضايا فى الخدمة الاجتماعية /
_cمحمد السيد ابوالمجد عامر
250 _aط1
260 _aالاسكندرية :
_bدار الوفاء لدنيا الطباعة و النشر ،
_c2013 .
300 _a427 ص :
_bجداول ؛
_c24 سم .
504 _aيشتمل على ارجاعات ببليوجرافية
650 0 4 _aالخدمة الاجتماعية
650 0 4 _aالخدمة الاجتماعية للشباب
650 0 4 _aالطلبة
_xنشاط اجتماعى
650 0 4 _aالبطالة
650 0 4 _aالخدمة الاجتماعية الطبية
942 _2ddc
_cBK
999 _c61722
_d61722